Business guide to the General Agreement on Trade in Services / (Record no. 15404)

000 -LEADER
fixed length control field 00823nam a2200241Ia 4500
020 ## - INTERNATIONAL STANDARD BOOK NUMBER
ISBN 9291371653
040 ## - CATALOGING SOURCE
Transcribing agency EMU
082 ## - DEWEY DECIMAL CLASSIFICATION NUMBER
Classification number 382 COM 2000 A076 Or.
100 1# - MAIN ENTRY--AUTHOR NAME
Personal name Riddle, Dorothy I
245 10 - TITLE STATEMENT
Title Business guide to the General Agreement on Trade in Services /
250 ## - EDITION STATEMENT
Edition statement Rev. ed
260 ## - PUBLICATION, DISTRIBUTION, ETC. (IMPRINT)
Place of publication Geneva :
Name of publisher International Trade Centre ;
Place of publication London :
Name of publisher Commonwealth Secretariat,
Year of publication 2000
300 ## - PHYSICAL DESCRIPTION
Number of Pages xiii, 263 p. ;
Dimensions 21 cm
500 ## - GENERAL NOTE
General note Author statement from p. v
500 ## - GENERAL NOTE
General note "ITC/P68.E/PMD/TSU/00-XII"--T.p. verso
500 ## - GENERAL NOTE
General note Includes texts of the 1994 General Agreement on Trade in Services and its protocols
650 #0 - SUBJECT ADDED ENTRY--TOPICAL TERM
Topical Term Service industries
650 #0 - SUBJECT ADDED ENTRY--TOPICAL TERM
Topical Term International trade
650 #0 - SUBJECT ADDED ENTRY--TOPICAL TERM
Topical Term Free trade
710 2# - ADDED ENTRY--CORPORATE NAME
Corporate name or jurisdiction name as entry element International Trade Centre UNCTAD/WTO
710 2# - ADDED ENTRY--CORPORATE NAME
Corporate name or jurisdiction name as entry element Commonwealth Secretariat
942 ## - ADDED ENTRY ELEMENTS (KOHA)
Koha item type សៀវភៅភាសាអង់គ្លេស
952 ## - LOCATION AND ITEM INFORMATION (KOHA)
Withdrawn status [LOCAL, KOHA] 0
Holdings
Permanent Location Date acquired Koha item type Lost status Shelving location Barcode Current Location Full call number
Library Block A2017-11-20សៀវភៅភាសាអង់គ្លេស A076A07080Library Block A382 COM 2000 A076 Or.
មជ្ឈមណ្ឌលឯការនៃសាកលវិទ្យាល័យភូមិន្ទកសិកម្មចំការដូង

Powered by Koha